American authors and books 1640 to the present day

Spremljeno u:
Bibliografski detalji
Glavni autor: W J Burke
Format: Knjiga
Jezik:Undetermined
Izdano: New York Crown 1962
Teme:
Oznake: Dodaj oznaku
Bez oznaka, Budi prvi tko označuje ovaj zapis!
Thư viện lưu trữ: Trung tâm Học liệu Trường Đại học Cần Thơ
LEADER 00534nam a2200181Ia 4500
001 CTU_26720
008 210402s9999 xx 000 0 und d
082 |a 810.1 
082 |b B959 
100 |a W J Burke 
245 0 |a American authors and books 1640 to the present day 
245 0 |c W J Burke, Will D Howe 
260 |a New York 
260 |b Crown 
260 |c 1962 
650 |a american literature - history and criticism,authors, american 
904 |i Minh, 981019 
980 |a Trung tâm Học liệu Trường Đại học Cần Thơ